000
00277nam a2200109Ia 4500
008
190907s9999||||xx |||||||||||||| ||und||
100
_a
Besterfield, Urdhwareshe
245
0
_a
Total Quality Management
260
_a
India
_b
Dorling Kindersley
_c
2003
300
_a
558
942
_c
BK
999
_c
6333
_d
6333